000 00319nam a2200121Ia 4500
005 20251222144746.0
008 251222s9999||||xx |||||||||||||| ||spa||
082 _a335.434.5/P91/T.1
100 _aTse-Tung, Mao
245 0 _aObras Escogidas de Mao Tse-Tung
264 _bEdiciones en Lenguas Extranjeras
942 _cLIB
999 _c19156
_d19156